000 00381nam a22001337a 4500
005 20200604095334.0
008 200604b xxu||||| |||| 00| 0 eng d
082 _a345.4 AIR
110 _aThe All India Reporter
_95769
245 _aThe All India Reporter1964 (V-51) SUPRIM COURT Section
260 _aBOMBAY
_bThe All India Reporter Ltd.
_c1964
650 _aLAW
_95701
942 _cJRL
999 _c6792
_d6790